[Event "II Memorial Oliver Gonzalez"]
[Site "Madrid"]
[Date "2011.10.09"]
[Round "2.62"]
[White "Anton Prado, Augusto"]
[Black "Jimenez Vera, Ruben"]
[Result "1-0"]
[WhiteElo "1833"]
[BlackElo "1591"]
[PlyCount "91"]
[EventDate "2011.10.08"]

1. e4 c5 2. Nc3 Nc6 3. g3 d6 4. Bg2 Nf6 5. f4 g6 6. Nf3 Bg4 7. O-O Bg7 8. d3
Nd4 9. h3 Nxf3+ 10. Bxf3 Bxh3 11. Re1 Qd7 12. e5 dxe5 13. fxe5 Ng4 14. Re4 Nxe5
15. g4 Bxg4 16. Bxg4 f5 17. Bh3 Qc7 18. Re1 Ng4 19. Qf3 Qh2+ 20. Kf1 Bd4 21.
Ne2 Qf2+ 22. Qxf2 Bxf2 23. Rd1 Ne3+ 24. Kxf2 Nxd1+ 25. Ke1 Nxb2 26. Bxb2 Rf8
27. Bg2 Kd8 28. Nf4 Kd7 29. Ba3 g5 30. Nd5 f4 31. Bxc5 f3 32. Bf1 Kc6 33. Bxe7
Rae8 34. c4 Rxe7+ 35. Nxe7+ Kc5 36. Kf2 h5 37. Re1 h4 38. Re5+ Kb4 39. Rxg5 Ka3
40. Ra5+ Kb2 41. Rxa7 Re8 42. Rxb7+ Kxa2 43. c5 Rd8 44. c6 h3 45. Bxh3 Rxd3 46.
c7 1-0

[Event "II Memorial Oliver Gonzalez"]
[Site "Madrid"]
[Date "2011.10.09"]
[Round "2.63"]
[White "Arias De Reina Martinez, Fco"]
[Black "Tamaslacariu, Ionut"]
[Result "0-1"]
[WhiteElo "1604"]
[BlackElo "1831"]
[PlyCount "50"]
[EventDate "2011.10.08"]

1. e4 c5 2. Nf3 Nc6 3. d4 cxd4 4. Nxd4 g6 5. Nc3 Bg7 6. Be3 Nf6 7. Bc4 O-O 8.
f3 a6 9. Qd2 e6 10. Bh6 d5 11. Bxg7 Kxg7 12. exd5 exd5 13. Be2 Re8 14. O-O-O
Qb6 15. h4 Bd7 16. h5 Qxd4 17. h6+ Kg8 18. Qxd4 Nxd4 19. Rxd4 b5 20. Nxd5 Nxd5
21. Rxd5 Rxe2 22. Rxd7 Rxg2 23. Rhd1 Re8 24. Rd8 Kf8 25. Re1 Rxd8 0-1

[Event "II Memorial Oliver Gonzalez"]
[Site "Madrid"]
[Date "2011.10.09"]
[Round "2.64"]
[White "De Vega Fernandez, Francisco J"]
[Black "Pradas Ojeda, Santiago"]
[Result "0-1"]
[WhiteElo "1829"]
[BlackElo "1585"]
[PlyCount "100"]
[EventDate "2011.10.08"]

1. e4 e5 2. Nf3 Nc6 3. Bc4 Nf6 4. Ng5 d5 5. exd5 Nxd5 6. Nxf7 Kxf7 7. Qf3+ Ke6
8. Nc3 Ncb4 9. Qe4 c6 10. a3 Na6 11. d4 Nac7 12. Bf4 Kf7 13. dxe5 Be6 14. O-O-O
Qe7 15. Bg3 Nxc3 16. Qf3+ Ke8 17. Qxc3 Bxc4 18. Qxc4 Qe6 19. Qxe6+ Nxe6 20. f4
g6 21. Rdf1 Be7 22. Be1 Rf8 23. Bd2 Rd8 24. g4 Nd4 25. Rf2 h5 26. h3 Bh4 27.
Rg2 Nf3 28. Be3 b6 29. Rf1 Nxe5 30. Bf2 Bxf2 31. Rgxf2 Nc4 32. f5 gxf5 33. gxh5
Rd5 34. h6 Nd6 35. Rg2 Rh8 36. Rg6 Nf7 37. Re1+ Kf8 38. Rxc6 Rxh6 39. Rc8+ Rd8
40. Rxd8+ Nxd8 41. Rf1 Rf6 42. Kd2 Kf7 43. Ke3 Ne6 44. Rf3 f4+ 45. Kd3 Kg6 46.
h4 Kf5 47. c3 Kg4 48. Rf1 Kxh4 49. Ke4 Kg3 50. Ke5 Rh6 0-1

[Event "II Memorial Oliver Gonzalez"]
[Site "Madrid"]
[Date "2011.10.09"]
[Round "2.66"]
[White "Galan Aguado, Fernando"]
[Black "Garcia-Sanchez Navarro, Mariano"]
[Result "1-0"]
[WhiteElo "1779"]
[BlackElo "1573"]
[PlyCount "129"]
[EventDate "2011.10.08"]

1. d4 Nf6 2. Nf3 c6 3. e3 d5 4. Bd3 Bg4 5. Nbd2 e6 6. O-O Bd6 7. b3 O-O 8. Bb2
Qc7 9. h3 Bh5 10. c4 Bb4 11. Qc2 Bg6 12. Bxg6 hxg6 13. a3 Bxd2 14. Nxd2 Kh7 15.
Nf3 Rh8 16. Ne5 Kg8 17. Qe2 Ne4 18. Rad1 Nd7 19. Qg4 Nef6 20. Qg3 Rh6 21. f4
Nh5 22. Qf3 Qd8 23. Rd2 Qe7 24. cxd5 cxd5 25. Rc2 Nxe5 26. fxe5 Rf8 27. g4 Qg5
28. Rg2 Qh4 29. gxh5 Rxh5 30. Rg3 Rf5 31. Qg4 Rxf1+ 32. Kxf1 Qh6 33. Kg2 Kh7
34. Qg5 f5 35. Qxh6+ gxh6 36. Kf3 g5 37. Bc1 Rc8 38. Rg1 Kg6 39. Bd2 h5 40. Rc1
g4+ 41. hxg4 fxg4+ 42. Kg2 Rxc1 43. Bxc1 Kf5 44. Kg3 Ke4 45. b4 b5 46. Bd2 Kd3
47. Bc1 Ke4 48. Bd2 Kd3 49. Bc1 Kc4 50. Kf4 Kd3 51. Bb2 Kc4 52. e4 g3 53. Kxg3
dxe4 54. Kf4 Kd5 55. Bc3 a6 56. Ke3 h4 57. Be1 h3 58. Bg3 Kc4 59. Kxe4 Kb3 60.
d5 exd5+ 61. Kxd5 Kxa3 62. Kc5 Ka4 63. e6 a5 64. bxa5 Kxa5 65. e7 1-0

[Event "II Memorial Oliver Gonzalez"]
[Site "Madrid"]
[Date "2011.10.09"]
[Round "2.67"]
[White "Zhynguel Ramirez De Verger, Ale"]
[Black "Nieto Esteban, Manuel"]
[Result "1-0"]
[WhiteElo "1516"]
[BlackElo "1777"]
[PlyCount "57"]
[EventDate "2011.10.08"]

1. d4 d5 2. Bf4 e6 3. Nf3 c5 4. e3 Nf6 5. c3 Bd6 6. Ne5 O-O 7. Nd2 Nc6 8. Bd3
cxd4 9. exd4 Qc7 10. Qe2 a6 11. Bg3 b5 12. f4 Bd7 13. Bh4 Be7 14. O-O Rfc8 15.
Rf3 Qd8 16. Bxf6 Bxf6 17. Bxh7+ Kf8 18. f5 Bxe5 19. dxe5 exf5 20. Bxf5 Bxf5 21.
Rxf5 Qb6+ 22. Kh1 Nd8 23. Rd1 Ne6 24. Rdf1 Rc7 25. Qh5 Kg8 26. Rxf7 Qe3 27.
Rxc7 Nxc7 28. Qf7+ Kh7 29. Nf3 1-0

[Event "II Memorial Oliver Gonzalez"]
[Site "Madrid"]
[Date "2011.10.09"]
[Round "2.68"]
[White "Montoya Pecurul, Marc"]
[Black "Ojosnegros Martin, Angel"]
[Result "1-0"]
[WhiteElo "1776"]
[BlackElo "1417"]
[PlyCount "75"]
[EventDate "2011.10.08"]

1. e4 e5 2. Nf3 Nc6 3. Bb5 Bc5 4. O-O Nge7 5. c3 Bb6 6. d4 exd4 7. cxd4 d5 8.
exd5 Nxd5 9. Re1+ Be6 10. Bg5 Qd6 11. Nbd2 O-O 12. Nc4 Qb4 13. Bxc6 bxc6 14.
Rc1 Qb5 15. a4 Qa6 16. Bh4 Ba5 17. Nxa5 Qxa5 18. Rxc6 Bd7 19. Rc5 Bxa4 20. Rxa5
Bxd1 21. Rxd1 Nb6 22. Rc1 Rfe8 23. Kf1 Re4 24. Rxc7 Rae8 25. Raxa7 Rc8 26.
Rxc8+ Nxc8 27. Ra8 Re8 28. d5 Kf8 29. Nd4 Nb6 30. Rxe8+ Kxe8 31. d6 Nc4 32. Nb5
Nxb2 33. Ke2 Kd7 34. Bg3 Nc4 35. Kd3 Nb6 36. Nc3 Nc8 37. Ne4 f5 38. Nc5+ 1-0

[Event "II Memorial Oliver Gonzalez"]
[Site "Madrid"]
[Date "2011.10.09"]
[Round "2.69"]
[White "Martin Rodriguez, Jose L"]
[Black "Garcia Donoso, Alberto"]
[Result "0-1"]
[WhiteElo "1483"]
[BlackElo "1744"]
[PlyCount "84"]
[EventDate "2011.10.08"]

1. e4 c5 2. Nf3 d6 3. d4 cxd4 4. Nxd4 Nf6 5. Nc3 g6 6. Bg5 Bg7 7. Qd2 h6 8. Bh4
g5 9. Bg3 Qb6 10. O-O-O a6 11. f3 Nc6 12. Nxc6 Qxc6 13. e5 Nh5 14. exd6 Nxg3
15. dxe7 Be6 16. hxg3 Kxe7 17. Qe3 Rhd8 18. Qe4 Qxe4 19. Nxe4 Bxb2+ 20. Kxb2
Rxd1 21. Nf2 Rd6 22. Bd3 Rb6+ 23. Ka1 Bd7 24. Re1+ Kf8 25. a3 Rc8 26. Ne4 f5
27. Nd2 Be6 28. Re5 Rc3 29. Nb1 Rcc6 30. Nd2 Kg7 31. Bxf5 Bxf5 32. Rxf5 Rxc2
33. Rd5 Kg6 34. f4 gxf4 35. gxf4 Rf6 36. g3 Rf5 37. Rd6+ Kh5 38. Nf3 Kg4 39.
Nd4 Rc1+ 40. Kb2 Rfc5 41. Rxh6 R1c4 42. Rh4+ Kxg3 0-1

[Event "II Memorial Oliver Gonzalez"]
[Site "Madrid"]
[Date "2011.10.10"]
[Round "3.1"]
[White "Vazquez Igarza, Renier"]
[Black "Moreno Tejera, Emilio"]
[Result "1-0"]
[WhiteElo "2572"]
[BlackElo "2280"]
[PlyCount "79"]
[EventDate "2011.10.08"]

1. d4 d6 2. Nf3 f5 3. g3 Nf6 4. Bg2 g6 5. c4 Bg7 6. Nc3 O-O 7. O-O Nc6 8. d5
Na5 9. Qa4 c5 10. dxc6 Nxc6 11. Rd1 Ne4 12. Nd5 Bd7 13. Qa3 Rc8 14. Be3 b6 15.
Rac1 Qe8 16. Ng5 Nxg5 17. Bxg5 h6 18. Bd2 Nd4 19. Qd3 b5 20. b3 Kh8 21. Bc3
bxc4 22. bxc4 e5 23. Bxd4 exd4 24. Qa3 Ba4 25. Re1 Qd7 26. Nf4 Kh7 27. Bd5 Bc6
28. Be6 Qe7 29. Bxc8 Rxc8 30. Nd5 Qe5 31. Qa6 Bxd5 32. Qxc8 Be6 33. Qc6 f4 34.
Rb1 Bf5 35. Rb5 Qe6 36. Qd5 Qe8 37. Rb7 d3 38. Qd4 Bd7 39. Qxd3 Bc6 40. Rxg7+
1-0

[Event "II Memorial Oliver Gonzalez"]
[Site "Madrid"]
[Date "2011.10.10"]
[Round "3.2"]
[White "Perez Gonzalez, Jose Manuel"]
[Black "Moreno Trujillo, Alejandro"]
[Result "1/2-1/2"]
[WhiteElo "2304"]
[BlackElo "2473"]
[PlyCount "79"]
[EventDate "2011.10.08"]

1. e4 e6 2. d4 d5 3. Nc3 Bb4 4. e5 c5 5. a3 Bxc3+ 6. bxc3 Ne7 7. Qg4 O-O 8. Bd3
Nbc6 9. Qh5 Ng6 10. Nf3 Qc7 11. Be3 c4 12. Bxg6 fxg6 13. Qg4 Bd7 14. h4 Rf5 15.
h5 gxh5 16. Rxh5 Rxh5 17. Qxh5 Be8 18. Qh3 Nd8 19. Bg5 Bf7 20. Kd2 Qd7 21. Rh1
Bg6 22. Nh4 Qf7 23. Nxg6 Qxg6 24. Bxd8 Rxd8 25. Qh5 Qxh5 26. Rxh5 Rc8 27. Rh1
Rc6 28. Rb1 Rc7 29. Ke3 g5 30. g4 Kg7 31. Rb4 Kg6 32. Ra4 a6 33. Rb4 b5 34. Rb1
Rf7 35. a4 Rb7 36. f3 Rb8 37. Rb2 Rb7 38. Rb1 Rb8 39. Rb2 Rb7 40. Rb1 1/2-1/2

[Event "II Memorial Oliver Gonzalez"]
[Site "Madrid"]
[Date "2011.10.10"]
[Round "3.3"]
[White "Almagro Llamas, Pablo"]
[Black "Ciuro Muñoz, Ricardo"]
[Result "1-0"]
[WhiteElo "2466"]
[BlackElo "2156"]
[PlyCount "67"]
[EventDate "2011.10.08"]

1. c4 Nf6 2. g3 c6 3. Bg2 d5 4. Nf3 e6 5. O-O Bd6 6. d4 O-O 7. Nc3 Nbd7 8. Qc2
Re8 9. Rd1 a6 10. e4 dxe4 11. Ng5 h6 12. Ngxe4 Be7 13. Bf4 Nxe4 14. Nxe4 Nf6
15. c5 Nd5 16. Be5 Bd7 17. h4 Rf8 18. Qe2 a5 19. Rac1 a4 20. Bf1 f5 21. Nd6
Bxd6 22. Bxd6 Rf7 23. Be5 Qa5 24. Rd3 b5 25. cxb6 Qxb6 26. Ra3 f4 27. Rc4 fxg3
28. Rxg3 Qd8 29. Qh5 Kf8 30. Qg6 Qe7 31. Qh7 Nf6 32. Qh8+ Ng8 33. Rcc3 Ra7 34.
Bxg7+ 1-0

[Event "II Memorial Oliver Gonzalez"]
[Site "Madrid"]
[Date "2011.10.10"]
[Round "3.5"]
[White "Adan Bermudez, Sergio"]
[Black "Lariño Nieto, David"]
[Result "0-1"]
[WhiteElo "2287"]
[BlackElo "2455"]
[PlyCount "74"]
[EventDate "2011.10.08"]

1. c4 e5 2. g3 g6 3. Bg2 Bg7 4. Nc3 d6 5. e4 Nc6 6. Nge2 Nge7 7. d3 Bg4 8. f3
Be6 9. Nd5 O-O 10. O-O f5 11. Be3 h6 12. Qd2 Kh7 13. Rae1 fxe4 14. dxe4 Qd7 15.
Rd1 Rf7 16. c5 dxc5 17. Nf6+ Bxf6 18. Qxd7 Bxd7 19. Rxd7 b6 20. f4 Raf8 21.
Rxc7 exf4 22. Nxf4 Bxb2 23. Ne6 Rxf1+ 24. Bxf1 Rf6 25. Bc4 Be5 26. Rd7 g5 27.
Nxc5 bxc5 28. Bxc5 Rg6 29. Bxa7 Rd6 30. Rb7 Kg6 31. Be3 Na5 32. Rxe7 Nxc4 33.
Bc5 Rc6 34. Bf2 Bf6 35. Ra7 Nd2 36. a4 Nxe4 37. Be3 Kf5 0-1

[Event "II Memorial Oliver Gonzalez"]
[Site "Madrid"]
[Date "2011.10.10"]
[Round "3.6"]
[White "Perez Mitjans, Orelvis"]
[Black "Suarez Uriel, Adrian"]
[Result "0-1"]
[WhiteElo "2451"]
[BlackElo "2197"]
[PlyCount "98"]
[EventDate "2011.10.08"]

1. e4 c5 2. Nf3 g6 3. d4 cxd4 4. Nxd4 Nc6 5. Nc3 Bg7 6. Be3 Nf6 7. Nb3 O-O 8.
Be2 d6 9. g4 d5 10. exd5 Nb4 11. Bf3 Nxg4 12. Bxg4 Bxg4 13. Qxg4 Nxc2+ 14. Ke2
Nxa1 15. Rxa1 Bxc3 16. bxc3 Qxd5 17. c4 Qe5 18. h4 a5 19. h5 Rad8 20. hxg6 fxg6
21. Nd4 Rf6 22. Rb1 Rxd4 23. Qxd4 Qh5+ 24. Kd2 Rd6 25. Rxb7 Rxd4+ 26. Bxd4 Qg5+
27. Be3 Qe5 28. Rb5 Qd6+ 29. Kc3 Qa3+ 30. Rb3 Qxa2 31. c5 a4 32. Rb6 Qa1+ 33.
Kc4 a3 34. c6 Qa2+ 35. Kc3 Qd5 36. Ra6 a2 37. Bd4 a1=B+ 38. Rxa1 Qxc6+ 39. Kd2
h5 40. Re1 Qd5 41. Kd3 Qb5+ 42. Ke3 e5 43. Ba1 Qb4 44. Rg1 Qf4+ 45. Ke2 g5 46.
Rd1 h4 47. Bc3 h3 48. Rd8+ Kf7 49. Rh8 h2 0-1

[Event "II Memorial Oliver Gonzalez"]
[Site "Madrid"]
[Date "2011.10.10"]
[Round "3.8"]
[White "Semprun Martinez, Fernando"]
[Black "Arribas Lopez, Angel"]
[Result "0-1"]
[WhiteElo "2204"]
[BlackElo "2440"]
[PlyCount "108"]
[EventDate "2011.10.08"]

1. e4 c5 2. Nf3 d6 3. d4 cxd4 4. Nxd4 Nf6 5. Nc3 e6 6. g4 a6 7. g5 Nfd7 8. h4
b5 9. a3 Bb7 10. Be3 Nc6 11. h5 Rc8 12. Nxc6 Rxc6 13. Qd2 Be7 14. f4 Nb6 15.
Rg1 Nc4 16. Bxc4 Rxc4 17. Bd4 e5 18. fxe5 dxe5 19. Bxe5 Qxd2+ 20. Kxd2 O-O 21.
Rad1 Re8 22. Kc1 Bc5 23. b3 Bxa3+ 24. Kb1 Rcc8 25. Bd4 Bxe4 26. h6 Bf8 27. Nxe4
Rxe4 28. hxg7 Bxg7 29. Bxg7 Kxg7 30. Rd7 Rce8 31. Rf1 Re1+ 32. Rxe1 Rxe1+ 33.
Kb2 Re5 34. Rd6 a5 35. c4 Rxg5 36. Kc3 h5 37. Rd1 h4 38. Rh1 bxc4 39. bxc4 Rh5
40. Rh3 Kg6 41. Kd4 Kg5 42. c5 Kg4 43. Rh1 h3 44. c6 Rh8 45. Ke5 h2 46. c7 Kg3
47. Rc1 Rc8 48. Kd6 f5 49. Kd7 Rh8 50. c8=Q Rxc8 51. Kxc8 f4 52. Kd7 Kg2 53.
Rc2+ Kg3 54. Rc1 f3 0-1

[Event "II Memorial Oliver Gonzalez"]
[Site "Madrid"]
[Date "2011.10.10"]
[Round "3.10"]
[White "Pascual Palomo, Lucia"]
[Black "Roa Alonso, Santiago"]
[Result "0-1"]
[WhiteElo "2119"]
[BlackElo "2420"]
[PlyCount "64"]
[EventDate "2011.10.08"]

1. e4 d6 2. d4 Nf6 3. Nc3 g6 4. h3 Bg7 5. Be3 a6 6. a4 Nbd7 7. Nf3 O-O 8. Qd2
e5 9. Bc4 b6 10. O-O Bb7 11. Bd3 c6 12. Bh6 b5 13. Bxg7 Kxg7 14. axb5 axb5 15.
b3 exd4 16. Nxd4 b4 17. Na4 c5 18. Nb5 Qb8 19. f3 Ne5 20. Be2 Rd8 21. c4 bxc3
22. Naxc3 Rxa1 23. Rxa1 d5 24. exd5 Nxd5 25. Qb2 Nf4 26. Rd1 f6 27. Rxd8 Qxd8
28. Ne4 Bxe4 29. fxe4 Qa5 30. Bc4 Nxc4 31. bxc4 Qe1+ 32. Kh2 Ne2 0-1

[Event "II Memorial Oliver Gonzalez"]
[Site "Madrid"]
[Date "2011.10.10"]
[Round "3.11"]
[White "Candela Perez, Jose"]
[Black "Avendaño Mateos, Jose"]
[Result "1-0"]
[WhiteElo "2418"]
[BlackElo "2002"]
[PlyCount "44"]
[EventDate "2011.10.08"]

1. d4 d5 2. c4 c6 3. Nf3 e6 4. Nc3 Bd6 5. e4 dxe4 6. Nxe4 Bc7 7. Bd3 h6 8. O-O
Nf6 9. Qe2 Nbd7 10. b3 Nxe4 11. Qxe4 Nf6 12. Qh4 c5 13. Bg5 cxd4 14. Rad1 Rg8
15. Bc1 Nd7 16. Qxd4 Qf6 17. Qe3 g5 18. Be4 Ne5 19. Nd4 Ng4 20. Qe2 Qe5 21. f4
gxf4 22. Bxf4 Qh5 1-0

[Event "II Memorial Oliver Gonzalez"]
[Site "Madrid"]
[Date "2011.10.10"]
[Round "3.12"]
[White "Gonzalez Mateo, Rafael"]
[Black "Martinez Martin, David"]
[Result "1-0"]
[WhiteElo "2186"]
[BlackElo "2401"]
[PlyCount "47"]
[EventDate "2011.10.08"]

1. d4 Nf6 2. c3 g6 3. Bg5 Bg7 4. Nd2 O-O 5. e4 d5 6. Bd3 dxe4 7. Nxe4 Qd5 8.
Bxf6 exf6 9. Qf3 Nd7 10. Ne2 c5 11. Nxc5 Qxf3 12. gxf3 Nxc5 13. dxc5 Rd8 14.
O-O-O Bh6+ 15. Kc2 Bf8 16. b4 a5 17. Bc4 Bf5+ 18. Kb2 h5 19. a3 h4 20. Nd4 axb4
21. axb4 Bh3 22. Rhg1 Bh6 23. Rxg6+ Kh7 24. Rxf6 1-0

[Event "II Memorial Oliver Gonzalez"]
[Site "Madrid"]
[Date "2011.10.10"]
[Round "3.14"]
[White "Martin Duque, Jesus"]
[Black "Martin Rueda, Daniel"]
[Result "1-0"]
[WhiteElo "2136"]
[BlackElo "2311"]
[PlyCount "113"]
[EventDate "2011.10.08"]

1. d4 g6 2. e4 Bg7 3. Nc3 c5 4. dxc5 Qa5 5. Nge2 Nf6 6. Qd3 Na6 7. Be3 O-O 8.
Qd2 Nxc5 9. b4 Qxb4 10. Rb1 Qa3 11. Nb5 Qxa2 12. Nec3 Qe6 13. Bxc5 Nxe4 14.
Nxe4 Qxe4+ 15. Qe3 Qc6 16. Nxa7 Qa4 17. Bb5 Qa5+ 18. Ke2 d6 19. Bb6 Qa2 20. Bd3
Bd7 21. Nb5 Rac8 22. Nc7 Bc6 23. f3 d5 24. Rhc1 Qa4 25. c4 dxc4 26. Bxc4 Rfd8
27. Kf1 Rd7 28. Bb3 Qh4 29. Bxf7+ Kh8 30. Ne6 Qxh2 31. Nxg7 Kxg7 32. Be6 Bb5+
33. Kf2 Rxc1 34. Rxc1 Qh4+ 35. Kg1 Rd6 36. Bc5 Rd3 37. Qe5+ Qf6 38. Qxf6+ Kxf6
39. Bc4 Bxc4 40. Rxc4 Rd5 41. Rf4+ Rf5 42. Rxf5+ gxf5 43. Kf2 e5 44. Kg3 b5 45.
Kh4 Ke6 46. Kg5 Kd5 47. Bb4 Kc4 48. Be1 e4 49. Kxf5 exf3 50. gxf3 b4 51. Bg3 b3
52. Be5 Kd5 53. Bb2 Kd6 54. Kg5 Ke6 55. f4 h6+ 56. Kg6 h5 57. f5+ 1-0

[Event "II Memorial Oliver Gonzalez"]
[Site "Madrid"]
[Date "2011.10.10"]
[Round "3.15"]
[White "Rubio Mejia, Luis Ignacio"]
[Black "Vazquez Torres, Adrian"]
[Result "1-0"]
[WhiteElo "2433"]
[BlackElo "2148"]
[PlyCount "89"]
[EventDate "2011.10.08"]

1. d4 Nf6 2. c4 c5 3. d5 e6 4. Nc3 d6 5. Nf3 Be7 6. e4 e5 7. Be2 O-O 8. O-O Ne8
9. a3 f5 10. exf5 Bxf5 11. Bd3 Nd7 12. Bxf5 Rxf5 13. Ne4 Nf8 14. Be3 Nc7 15. b4
b6 16. bxc5 bxc5 17. Rb1 Ng6 18. Nfd2 Nf4 19. g3 Nh3+ 20. Kg2 Ng5 21. Bxg5 Bxg5
22. Nf3 Bh6 23. Qa4 Qf8 24. Ng1 Rf7 25. Rb7 Ne8 26. Rfb1 Rd8 27. Qxa7 Rxb7 28.
Rxb7 Nf6 29. Nxf6+ Qxf6 30. Rb8 e4 31. Rxd8+ Qxd8 32. Qb7 Qf8 33. Qd7 e3 34.
fxe3 Qb8 35. Ne2 g6 36. Nf4 Bxf4 37. exf4 Qb2+ 38. Kh3 Qxa3 39. Qxd6 Qf3 40.
Qe6+ Kg7 41. d6 Kh6 42. Qd5 Qf1+ 43. Kh4 Qe2 44. Qg5+ Kg7 45. Qe5+ 1-0

[Event "II Memorial Oliver Gonzalez"]
[Site "Madrid"]
[Date "2011.10.10"]
[Round "3.16"]
[White "Perez Cameselle, Francisco"]
[Black "Pogorelov, Ruslan"]
[Result "0-1"]
[WhiteElo "1938"]
[BlackElo "2401"]
[PlyCount "78"]
[EventDate "2011.10.08"]

1. Nf3 Nf6 2. g3 b5 3. Bg2 Bb7 4. O-O e6 5. a4 b4 6. c3 a5 7. d3 d5 8. e4 dxe4
9. Ng5 Be7 10. Nxe4 Nxe4 11. Bxe4 Bxe4 12. dxe4 Qxd1 13. Rxd1 Nd7 14. Be3 O-O-O
15. cxb4 Bxb4 16. Nc3 Ne5 17. Nb5 c6 18. Nd4 Kb7 19. Nb3 Nc4 20. Bd4 e5 21. Bc3
Bxc3 22. bxc3 Kc7 23. Kf1 Rxd1+ 24. Rxd1 Rb8 25. Nc5 Rb2 26. Rd7+ Kb6 27. Nd3
Ra2 28. Rxf7 Rxa4 29. Rxg7 Ra3 30. f4 Rxc3 31. Nxe5 Nxe5 32. fxe5 Re3 33. Rxh7
Rxe4 34. Kf2 a4 35. Rh4 Rxh4 36. gxh4 a3 37. e6 Kc7 38. h5 a2 39. h6 a1=Q 0-1

[Event "II Memorial Oliver Gonzalez"]
[Site "Madrid"]
[Date "2011.10.10"]
[Round "3.18"]
[White "Hernando Rodrigo, Jose Maria"]
[Black "Fuentes Arjona, Antonio"]
[Result "1/2-1/2"]
[WhiteElo "2328"]
[BlackElo "2001"]
[PlyCount "94"]
[EventDate "2011.10.08"]

1. Nf3 c5 2. c4 Nc6 3. g3 g6 4. Bg2 Bg7 5. O-O Nf6 6. Nc3 O-O 7. d4 cxd4 8.
Nxd4 Nxd4 9. Qxd4 d6 10. Qh4 Rb8 11. Bg5 Be6 12. Rfd1 Qb6 13. Na4 Qa5 14. b3 b5
15. cxb5 Qxb5 16. Rac1 Qxe2 17. Rd2 Qg4 18. Qxg4 Bxg4 19. h3 Be6 20. Rc7 h6 21.
Be3 Rfe8 22. Bxa7 Rbc8 23. Rdc2 Rxc7 24. Rxc7 Nd5 25. Rb7 Rc8 26. Rb5 Rc1+ 27.
Kh2 Rd1 28. Ra5 Nb4 29. a3 Nc2 30. b4 Nxa3 31. b5 Nc4 32. Ra6 Nd2 33. Bc6 Bc4
34. Be3 Nf1+ 35. Kg2 Nxe3+ 36. fxe3 Rd2+ 37. Kg1 Be5 38. Ra8+ Kg7 39. b6 d5 40.
b7 Rd1+ 41. Kf2 Rf1+ 42. Kg2 Rb1 43. g4 g5 44. Kf3 Rf1+ 45. Kg2 Rb1 46. Kf3
Rf1+ 47. Kg2 Rb1 1/2-1/2

[Event "II Memorial Oliver Gonzalez"]
[Site "Madrid"]
[Date "2011.10.10"]
[Round "3.19"]
[White "Renteria, Jorge"]
[Black "Cortes Jurado, Rafael"]
[Result "1-0"]
[WhiteElo "2319"]
[BlackElo "2101"]
[PlyCount "65"]
[EventDate "2011.10.08"]

1. e4 c5 2. Nf3 e6 3. c4 Nc6 4. Nc3 Nf6 5. d4 cxd4 6. Nxd4 Bb4 7. Nxc6 bxc6 8.
e5 Ne4 9. a3 Nxc3 10. Qc2 Nd5+ 11. axb4 Nxb4 12. Qe4 Bb7 13. c5 a5 14. Bc4 Ba6
15. Bxa6 Rxa6 16. O-O Nd5 17. Qg4 g6 18. Bh6 Qb8 19. Qg5 f6 20. exf6 Kf7 21.
Bg7 h6 22. Qd2 Rg8 23. Qxh6 Ra8 24. Qh7 Qe5 25. Bh8+ Kf8 26. Qxd7 Nxf6 27. Bxf6
Qxf6 28. Ra3 Rd8 29. Qxc6 Qe7 30. Rxa5 Kg7 31. g3 Rc8 32. Qe4 Qc7 33. Rfa1 1-0

[Event "II Memorial Oliver Gonzalez"]
[Site "Madrid"]
[Date "2011.10.10"]
[Round "3.20"]
[White "Garcia Pichon, Eduardo"]
[Black "Bolea Jover, Jose"]
[Result "1-0"]
[WhiteElo "2283"]
[BlackElo "2021"]
[PlyCount "63"]
[EventDate "2011.10.08"]

1. e4 d5 2. exd5 Nf6 3. d4 Nxd5 4. Nf3 Bf5 5. Bd3 Bxd3 6. Qxd3 Nc6 7. a3 e6 8.
O-O Be7 9. c4 Nb6 10. Nc3 O-O 11. Ne4 h6 12. Rd1 Qd7 13. b4 a6 14. Bf4 Rad8 15.
Rac1 Qc8 16. Qb3 f5 17. Nc5 g5 18. Bxc7 Qxc7 19. Nxe6 Qd7 20. d5 Nb8 21. c5
Nxd5 22. Nxd8 Rxd8 23. Rd2 g4 24. Rcd1 Qe6 25. Rxd5 Rxd5 26. Rxd5 Nc6 27. Nd2
Kh7 28. Rd3 Qxb3 29. Nxb3 Ne5 30. Rd5 Bf6 31. Nd4 Kg6 32. Ne6 1-0

[Event "II Memorial Oliver Gonzalez"]
[Site "Madrid"]
[Date "2011.10.10"]
[Round "3.21"]
[White "Horcajada Reales, Guillermo"]
[Black "Lorite Cruz, Francisco"]
[Result "1-0"]
[WhiteElo "2215"]
[BlackElo "2038"]
[PlyCount "105"]
[EventDate "2011.10.08"]

1. e4 e5 2. Nf3 Nc6 3. d4 exd4 4. Nxd4 Bc5 5. Be3 Nxd4 6. Bxd4 Bxd4 7. Qxd4 Qf6
8. e5 Qb6 9. Qxb6 axb6 10. Nc3 c6 11. Bc4 f6 12. Ne4 fxe5 13. Nd6+ Ke7 14.
O-O-O Nf6 15. Rhe1 Nd5 16. Nxc8+ Rhxc8 17. Bxd5 cxd5 18. Rxe5+ Kf6 19. Rexd5
Rxa2 20. Rd6+ Ke7 21. Rxd7+ Ke8 22. R1d3 Ra1+ 23. Kd2 Rf1 24. Ke2 Rb1 25. Rxg7
Rxc2+ 26. Rd2 Rxd2+ 27. Kxd2 Rxb2+ 28. Ke3 Rb3+ 29. Kf4 Rb2 30. Kg3 h5 31. f4
Kf8 32. Rxb7 Kg8 33. h3 h4+ 34. Kxh4 Rxg2 35. Rxb6 Kf7 36. Kh5 Rg8 37. h4 Rg1
38. Rb5 Rg8 39. Rg5 Ra8 40. Kg4 Ra1 41. Rb5 Kf6 42. Rb6+ Kf7 43. h5 Rh1 44. h6
Kg8 45. Kg5 Rg1+ 46. Kf6 Kh7 47. f5 Kxh6 48. Ke7+ Kh7 49. f6 Re1+ 50. Re6 Rf1
51. Re2 Ra1 52. f7 Ra7+ 53. Kf6 1-0

[Event "II Memorial Oliver Gonzalez"]
[Site "Madrid"]
[Date "2011.10.10"]
[Round "3.22"]
[White "Cabañas Jimenez, Manuel"]
[Black "Ortega Morales, Pedro"]
[Result "1-0"]
[WhiteElo "2102"]
[BlackElo "1861"]
[PlyCount "47"]
[EventDate "2011.10.08"]

1. e4 e5 2. f4 exf4 3. Nf3 g5 4. Bc4 Bg7 5. O-O Nc6 6. c3 d6 7. d4 h6 8. g3 Bh3
9. Rf2 fxg3 10. Bxf7+ Kxf7 11. Ne5+ Ke6 12. d5+ Kxe5 13. hxg3 Nf6 14. Be3 Bg4
15. Qd3 Nxe4 16. Bd4+ Kxd5 17. Bxg7+ Kc5 18. Na3 d5 19. b4+ Kd6 20. Rf7 Ke6 21.
Raf1 Ne5 22. Bxe5 Kxe5 23. Qd4+ Ke6 24. Nc4 1-0

[Event "II Memorial Oliver Gonzalez"]
[Site "Madrid"]
[Date "2011.10.10"]
[Round "3.23"]
[White "Alvarez Escudero, Manuel"]
[Black "Cerrato Torrijos, Maria"]
[Result "0-1"]
[WhiteElo "1874"]
[BlackElo "2097"]
[PlyCount "98"]
[EventDate "2011.10.08"]

1. e4 c5 2. Nf3 d6 3. b3 Nf6 4. Nc3 g6 5. Bb5+ Nbd7 6. e5 dxe5 7. Nxe5 Bg7 8.
Bb2 a6 9. Nxd7 Nxd7 10. Bxd7+ Bxd7 11. Na4 Bxb2 12. Nxb2 Bc6 13. Qg4 Qd5 14.
O-O-O Qxg2 15. Qxg2 Bxg2 16. Rhg1 Bc6 17. d4 cxd4 18. Rxd4 Rd8 19. Rxd8+ Kxd8
20. Nd3 Kc7 21. Re1 Re8 22. Ne5 Bd5 23. c4 Be6 24. Re3 Rd8 25. Rd3 Rxd3 26.
Nxd3 Bf5 27. Ne5 f6 28. Nf3 e5 29. Kd2 Kd6 30. b4 Bg4 31. Ne1 e4 32. Ke3 Ke5
33. a4 Be6 34. f4+ Kf5 35. c5 Bd7 36. a5 Ba4 37. Ng2 Kg4 38. Kf2 f5 39. h3+
Kxh3 40. Ne3 h5 41. Nc4 Kg4 42. Ke3 h4 43. Ne5+ Kg3 44. Nxg6 h3 45. Ne7 h2 46.
Nxf5+ Kh3 47. Nd6 h1=Q 48. Nxe4 Qe1+ 49. Kd4 Qxb4+ 0-1

[Event "II Memorial Oliver Gonzalez"]
[Site "Madrid"]
[Date "2011.10.10"]
[Round "3.26"]
[White "Khamrakulov, Ibragim S"]
[Black "Lozano Sanchez, Jose Antonio"]
[Result "1-0"]
[WhiteElo "2504"]
[BlackElo "1895"]
[PlyCount "93"]
[EventDate "2011.10.08"]

1. e4 e5 2. Nf3 Nc6 3. Bc4 Bc5 4. c3 Nf6 5. d3 d6 6. h3 h6 7. O-O O-O 8. Bb3
Qe8 9. Nh4 Be6 10. Qf3 Ne7 11. Bxh6 Ng6 12. Bg5 Nh7 13. Qg3 Nxg5 14. Qxg5 Nf4
15. Rd1 Bxh3 16. g3 Ne6 17. Qh5 f5 18. Ng6 Bg4 19. Qh8+ Kf7 20. Nxf8 Bxd1 21.
Bxe6+ Qxe6 22. Qxg7+ Kxg7 23. Nxe6+ Kf6 24. Nxc7 Rg8 25. Kg2 f4 26. Nd2 Bc2 27.
b4 Bb6 28. Nd5+ Ke6 29. Rh1 Bd8 30. Rh6+ Kd7 31. Nc4 Bxd3 32. Rxd6+ Kc8 33.
Ndb6+ axb6 34. Rxd3 Bc7 35. Nd6+ Kb8 36. Nb5 Bd8 37. Kh3 Bg5 38. Rd5 Rh8+ 39.
Kg4 fxg3 40. fxg3 Bf6 41. Kf5 Rf8 42. Kg6 Kc8 43. g4 Bh4 44. Rxe5 Bg3 45. Rf5
Rg8+ 46. Kf7 Rxg4 47. e5 1-0